000
00216nam a2200097Ia 4500
008
190216s9999||||xx |||||||||||||| ||und||
100
_a
Jain.M.K
245
0
_a
Principles Organic Chemistry
260
_b
Null
942
_c
BK
999
_c
2088
_d
2088